What Country is this City Apart of? #7 - Statistics

General Stats
  • This quiz has been taken 22 times
  • The average score is 9 of 15
Answer Stats
Question Answer % Correct
Gold Coast Australia
95%
Goiânia Brazil
86%
Thanh Hóa Vietnam
86%
Aden Yemen
82%
Kayseri Turkey
73%
Kiel Germany
68%
Mostar Bosnia and Herzegovina
64%
Kano Nigeria
59%
Indore India
55%
Santa Cruz de la Sierra Bolivia
50%
Osh Kyrgyzstan
50%
Bălţi Moldova
45%
Wau South Sudan
45%
Mbeya Tanzania
36%
Irbid Jordan
27%
No matching quizzes found
Score Distribution
Percent of People with Each Score
Percentile by Number Answered
Your Score History
You have not taken this quiz